00294nam a22000857a 4500008004100000082000800041100004800049245009200097300001900189230314b |||||||| |||| 00| 0 eng d a599 aDepartment of Forests & Park Services, RGOB aMammals of Jigme Singye Wangchuck National Parkb"A glance through the wild binoculars" a55 p.c21.5 cm